Les Titres de Michael Jackson avec les initiales - Statistiques

Statistiques générales
  • Ce quiz a été pris 106 fois
  • Le résultat moyen est 9 sur 12
Statistiques - réponses
Initiales Titres % Correct
B___ J__ Billie Jean
100%
B__ I_ Beat It
96%
T____ Thriller
91%
S___ C____ Smooth Criminal
88%
B_ Bad
82%
T_ W_ Y_ M__ M_ F__ The way you make me feel
74%
T__ D__ C__ A___U_ They don't care about us
71%
R__ W__ Y__ Rock with you
64%
E___ S__ Earth song
62%
H__ T_ W___ Heal the world
62%
Y_ A_N _ A___ You are not alone
53%
B___ O_ W___ Black or white
45%
Aucun quiz correspondant
Distribution des résultats
% des personnes avec chaque résultat
Percentile par nombre de réponses
Votre historique - résultats
Vous n’avez pas pris ce quiz